Podział administracyjny Rumunii - Statystyki

Ogólne statystyki
  • Ten quiz został rozwiązany 11 razy
  • Średni wynik to 12 z 42
Statystyki odpowiedzi
Numerek Okręgi i miasto wydzielone % Poprawnych
Miasto wydzielone Bukareszt
100%
Braszów
75%
Kluż
75%
Okręgi Alba
63%
Jassy
63%
Konstanca
63%
Sybin
63%
Suczawa
50%
Arad
38%
Braiła
38%
Marusza
38%
Salaj
38%
Satu Mare
38%
Temesz
38%
Bihor
25%
Dymbowica
25%
Gałacz
25%
Harghita
25%
Jałomica
25%
Marmarosz
25%
Vâlcea
25%
Vrancea
25%
Ardżesz
13%
Bacau
13%
Buzau
13%
Calarasi
13%
Caras-Severin
13%
Covasna
13%
Dolj
13%
Giurgiu
13%
Gorj
13%
Ilfov
13%
Neamt
13%
Prahova
13%
Teleorman
13%
Tulcza
13%
Aluta
0%
Bistrita-Nasaud
0%
Botoszamy
0%
Hunedoara
0%
Mehedinti
0%
Vaslui
0%
Nie znaleziono quizów pasujących do podanych kryteriów
Rozkład punktacji
Procent ludzi z każdym wynikiem
Percentyl według liczby udzielonych odpowiedzi
Twoja historia wyników
Nie rozwiązałeś tego quizu